000 00475nam a2200181Ia 4500
001 18239
005 20260306171616.0
008 260306s9999||||xx |||||||||||||| ||und||
041 _aESP
082 _a658.402
_bB88
100 _aBueno Campos, Eduardo
_eAUT
245 0 _aDirección estratégica:
_bdesarrollo de la estrategia y análisis de casos
260 _c2006
300 _av.s páginas :
_c24 cm.
650 _aGEN
654 _aCAN
942 _cLIB
_dJUS
_fJUS
_2ddc
_n
999 _c18239
_d18239